=LDR 00000nam 2200000 4500 =001 INLIS000000000032604 =005 20201207100137 =035 ##$$a 0010-061300000032604 =008 201207################g##########0#ind## =041 ##$$a ind =082 ##$$a 330 =090 ##$$a 330, Rah,u =100 ##$$a Rahman, Arif =245 1#$$a Untung besar dari reksa dana /$c Arif Rahman =260 ##$$a Yogyakarta :$b Media Pressindo,$c 2010 =300 ##$$a vi, 148 hlm : $b Ilus ; $c 17 x 17 cm =650 #4$$a Ekonomi =850 ##$$a NBPNMAT =020 ##$$a 978-979-788-165-8 =084 ##$$a 330 RAH u =990 ##$$a 21002685 =990 ##$$a 21002687 =990 ##$$a 21002688 =990 ##$$a 21002686 =990 ##$$a 21003685 =990 ##$$a 21002688 =990 ##$$a 21002685 =990 ##$$a 21002687 =990 ##$$a 21002686 =990 ##$$a 21003685